| 000 | 00726nam a2200193 a 4500 | ||
|---|---|---|---|
| 005 | 20140414131922.0 | ||
| 008 | 040601s19uu xx 00 eng d | ||
| 020 | _a0-7498-0115-8 | ||
| 050 |
_aER _bV65 1991 |
||
| 100 | _aCoates, Pamela J. | ||
| 245 |
_aVisit to the dentist / _cwritten by Pamela J. Coates; illustrated by Lynne Byrnes. |
||
| 260 |
_aGreat Britain : _bWorld, _c1991. |
||
| 300 | _a1 v. (unp.) : ill. ; cm. | ||
| 440 | _aLittle Owl | ||
| 520 | _aWhat happens inside a hospital? what does a dentist do? For many children, hospitals and dentists surgeries are frigthening places often associated with personal discomfort. | ||
| 650 | _aDentist--Fiction. | ||
| 650 | _aChildren stories. | ||
| 999 |
_c111814 _d111814 |
||